000 00775nam a2200205Ii 4500
003 JO-AjNU
008 230605s9999||||xx |||||||||||||| ||und||
040 _aJO-AjNU
_bara
_erda
_cJO-AjNU
041 _aara
050 1 4 _aAE2.I277.2009
100 3 _aالدينوري،ابي عبد الله بن مسلم ، قميحة،مفيد محمد/شرح وتعليق,
_eauthor
_911526
245 0 0 _aعيون الأخبار
250 _aط4
264 3 1 _aبيروت:دار الكتب العلمية 2009
300 _aج3-4، 267ص
_bفهارس عامة ص147 -ص267
336 _atext
_btxt
_2rdacontent
337 _aunmediated
_bn
_2rdamedia
338 _avolume
_bnc
_2rdacarrier
650 4 _aدوائر المعارف العربية-الادب العربي -منوعات
_911527
999 _aA2370
_c5938
_d5938